Land and freshwater animals (not insects)
Αποθηκεύτηκε σε:
| Άλλοι συγγραφείς: | |
|---|---|
| Μορφή: | Βιβλίο |
| Γλώσσα: | English |
| Δημοσίευση: |
London; Chichester :
British Museum (Natural History), John Wiley,
1980
|
| Θέματα: | |
| Ετικέτες: |
Προσθήκη ετικέτας
Δεν υπάρχουν, Καταχωρήστε ετικέτα πρώτοι!
|
MARC
| LEADER | 00000nam a2200000 i 4500 | ||
|---|---|---|---|
| 001 | 1/8893 | ||
| 008 | 961211s1980 eng d | ||
| 020 | |a 0-471-27766-5 | ||
| 035 | |l 10017271 | ||
| 040 | |a GR-MY-UA |b gre |e aacr | ||
| 041 | 0 | |a eng | |
| 082 | 0 | |a 016.591 | |
| 245 | 1 | 0 | |a Land and freshwater animals (not insects) / |c Edited by R. W. Sims |
| 260 | |a London; Chichester : |b British Museum (Natural History), |b John Wiley, |c 1980 | ||
| 300 | |a 120 p. | ||
| 650 | 0 | 0 | |a Animals |x Identification |x Bibliography. |
| 700 | 1 | |a Sims, R. W. |q (Reginald William) |d 1926- |4 edt | |
| 774 | 1 | |t Animal identification : a reference guide | |
| 852 | |a INST |b LESVOS |e 19961211 |h 016.591 ANI |p 005100022765 |q 005100022765 |t REF |y 23 |z v.2 | ||
| 852 | |a INST |b LESVOS |e 19961211 |h 016.591 ANI |p 005100022765 |q 005100022765 |t REF |v v.2: |y 23 |z v.2 | ||
| 853 | |a INST |b LESVOS |h 016.591 ANI | ||
| 909 | |a Λ |b 010017 | ||